000 00733nam a2200241Ia 4500
003 OSt
005 20220926011946.0
006 a|||||r|||| 00| 0
007 ta
008 220923b |||||||| |||| 00| 0 eng d
037 _cGeneral Book
040 _aRTL
_cRTL
_beng
041 _2eng
_aeng
082 _aX:8, J6
100 _aMarting Elizabeth Ed.
245 0 _aImproving the caliber of company management
_b Toda
260 _aNew York
_bAmerican Management Association USA
_c1956
300 _a70p.
_ccm.
490 _aAmerican Management Association, general management series. 183
650 _aManagement
_930681
942 _hX:8, J6
_cGB
_2CC
999 _c621363
_d621363